000 01028nam a2200313 a 4500
999 _c7992
_d7992
001 991044855369706706
003 OSt
005 20241202130509.0
008 070102s2006 sp |||||| 000 ||spa|c
017 _aDL V. 1451-2006
020 _a8479088567
035 _a(ES-BaCBU).b36506187
035 _a(OCoLC)802995843
040 _aES-BaCBU
_bcat
_cCDMR
080 _a301.153.2
080 _a316.77
245 0 0 _aIntroducción a la sociología de la comunicación /
_cEva Espinar Ruiz ... [et al.]
260 _aSan Vicente de Raspeig :
_bPublicaciones de la Universidad de Alicante,
_cDL 2006
300 _a171 p.;
_c24 cm
504 _aBibliografia
650 0 4 _aMitjans de comunicació de massa
_xAspectes socials
650 0 0 _aSociologia de la comunicació
_91460
700 1 _aEspinar Ruiz, Eva
830 0 _aTextos docentes (Universitat d'Alacant)
907 _a.b36506187
_b17-06-21
_c12-05-08
_d02-01-07
_em
_fa
_g-
_hspa
_isp
_j0
_k5
908 _aUAB
_aUPF
_aUB
_aUdL
_aGEPA
940 _aCVA7
942 _2udc
_cMON